Online Catalogue and eLibrary

Radical feminist theropy- (Record no. 729)

MARC details
000 -LEADER
fixed length control field 00436nam a2200169Ia 4500
005 - DATE AND TIME OF LATEST TRANSACTION
control field 20240702045848.0
008 - FIXED-LENGTH DATA ELEMENTS--GENERAL INFORMATION
fixed length control field 240331s9999 xx 000 0 und d
020 ## - INTERNATIONAL STANDARD BOOK NUMBER
ISBN 0803947887
082 ## - DDC Classification
Class No. 155
Item Number - Author Mark BUR
100 ## - MAIN ENTRY--PERSONAL NAME
Personal name Burstow, B
245 #0 - TITLE STATEMENT
Title Radical feminist theropy-
Remainder of title working in the context of violence
260 ## - PUBLICATION, DISTRIBUTION, ETC.
Place of publication, distribution, etc. New Delhi
Name of publisher, distributor, etc. Sage Publications
Date of publication, distribution, etc. 1992
300 ## - PHYSICAL DESCRIPTION
Extent (e.g. Volumes, Pages etc.) xviii, 302 p .,
650 ## - SUBJECT ADDED ENTRY--TOPICAL TERM
Topical term or geographic name entry element Women
650 ## - SUBJECT ADDED ENTRY--TOPICAL TERM
Topical term or geographic name entry element Crime
942 ## - Koha item type (Biblio)
Koha item type Books in Stacks (Lending)
Holdings
Lost status Damaged status Collection code Home library Current library Shelving location Date acquired Full call number Accession Number Item type
    Lending WERC Library WERC Library Social Science Cupboard 03/31/2024 155 BUR 3437 Books in Stacks (Lending)

© WERC Library